Pokémon - Les attaques de Feuillajou - Statistiques

Statistiques générales
  • Ce quiz a été pris 9 fois
  • Le résultat moyen est 12 sur 16
Statistiques - réponses
Niveaux Types Noms des attaques % Correct
Niveau 22 Plante Canon Graine
100%
Niveau 10 Plante Fouet Lianes
100%
Niveau 4 Normal Groz'Yeux
100%
Niveau 7 Spectre Léchouille
100%
Niveau 43 Ténèbres Mâchouille
100%
Niveau 19 Ténèbres Morsure
100%
Niveau 16 Plante Vampigraine
100%
Niveau 13 Normal Combo-Griffe
83%
Niveau 28 Ténèbres Dégommage
83%
Départ Normal Griffe
83%
Niveau 31 Vol Acrobatie
67%
Niveau 25 Ténèbres Tourmente
67%
Départ Normal Camaraderie
50%
Niveau 40 Normal Don Naturel
33%
Niveau 34 Plante Nœud Herbe
33%
Niveau 37 Normal Recyclage
17%
Aucun quiz correspondant
Distribution des résultats
% des personnes avec chaque résultat
Percentile par nombre de réponses
Votre historique - résultats
Vous n’avez pas pris ce quiz